000 00424nam a2200181Ia 4500
001 22277
005 20260414150820.0
008 260414t2012||||xx |||||||||||||| ||spa||
041 _aESP
082 _a621.31
_bA37
100 _aAlcalde San Miguel, Pablo
_eAUT
245 0 _aElectrotecnia
_b
260 _c2012
300 _axvi, 388 páginas :
_c27 cm.
650 _aTCA
654 _aCET
942 _cLIB
_dJUS
_fJUS
_2ddc
_n
999 _c22277
_d22277